Statistics for Sherlock Holmes

Click here to take the quiz!

General Stats

  • This quiz has been taken 797 times
  • The average score is 8 of 15

Answer Stats

HintAnswer% Correct
Holmes' faithful friendDr. John Watson
100%
His greatest enemyProfessor James Moriarty
92%
Where Holmes and Watson lived221B Baker Street
87%
The only woman who outsmarted himIrene Adler
79%
Author of the novels and storiesSir Arthur Conan Doyle
73%
The type of hat he most often wearsDeerstalker
67%
First novel published:A Study in Scarlet
54%
Third novel published:The Hound of the Baskervilles
43%
He retired to be/do this:Beekeeping
34%
Second novel published:The Sign of the Four
34%
The name of his friends' wifeMary Morstan
32%
London daily magazine which published the majority of the storiesThe Strand
27%
Where he hid his tobaccoToe of a Persian slipper
23%
Fourth novel published:The Valley of Fear
19%
The two men met through this third party:Stamford
9%

Score Distribution

Percentile by Number Answered

Percent of People with Each Score

Your Score History

You have not taken this quiz